Normal view
MARC view
Entry Topical Term
001 - CONTROL NUMBER
- control field: 36395
003 - CONTROL NUMBER IDENTIFIER
- control field: OSt
005 - DATE AND TIME OF LATEST TRANSACTION
- control field: 20230303151129.0
008 - FIXED-LENGTH DATA ELEMENTS
- fixed length control field: 230303|| aca||aabn | a|a d
040 ## - CATALOGING SOURCE
- Original cataloging agency: OSt
- Transcribing agency: OSt
150 ## - HEADING--TOPICAL TERM
- Topical term or geographic name entry element: Healthcare consumption, Social security
670 ## - SOURCE DATA FOUND
- Source citation: Work cat.: (OSt)521184: Gross, Tal, Layton, Timothy J. and Prinz, Daniel 36394, The liquidity sensitivity of healthcare consumption: Evidence from social security payments
